| 000 | 00880nam a2200217 a 4500 | ||
|---|---|---|---|
| 001 | 000042240 | ||
| 005 | 20201002040026.0 | ||
| 008 | 131120s2004 sp 000 p spa d | ||
| 020 | _a8497933451 | ||
| 040 |
_aDO-SdBNP _bspa _cBNPHU |
||
| 082 |
_axxx _bD218c |
||
| 100 | 1 |
_aDarío, Rubén, _d1867-1916. _915535 |
|
| 245 | 1 | 0 |
_aCantos de vida y esperanza / _cRubén Darío ; edición de Rocío Oviedo Pérez de Tudela. |
| 260 |
_aBarcelona : _bBolsillo, _c2004. |
||
| 490 | 1 |
_aClásicos (Debolsillo (Firm) _aarea _v61 |
|
| 500 | _a"Coedición entre Area y Random House Mondadori, S.A." | ||
| 500 | _aIncluye referencias bibliográficas y notas al pie de las páginas. | ||
| 500 | _aIncluye datos biográficos del autor en la solapa de la contracubierta. | ||
| 700 | 1 | 2 |
_aOviedo Pérez de Tudela, Rocío _d1953- _eed. _969259 |
| 830 | 0 |
_aClásicos (Debolsillo (Firm) _parea _n61 _969260 |
|
| 999 |
_c41729 _d41729 |
||